000
00274nam a22001217a 4500
008
171107b xxu||||| |||| 00| 0 eng d
041
_a
eng
080
_2
5TH
_a
330.722.6
100
_a
62
101
_a
KON
245
_a
MANAGEMENT ACCOUNTING
_c
ATKINSON,A.A
942
_2
udc
_c
BK
999
_c
38001
_d
38001